[Event "Skalica Rapid 2020"]
[Site "Skalica"]
[Date "2020.08.29"]
[Round "6.7"]
[White "Tupy, Bystrik"]
[Black "Romanova, Ela"]
[Result "0-1"]
[WhiteElo "1702"]
[BlackElo "1529"]
[Annotator "NA RC"]
[PlyCount "131"]
[EventDate "2020.08.29"]
[EventType "swiss"]
[EventCountry "SVK"]
[SourceTitle "playchess.com"]
[Source "ChessBase"]
[SourceQuality "1"]
[TimeControl "600+5"]

1. e4 {[%emt 0:00:00]} c5 {[%emt 0:00:00]} 2. Nf3 Nc6 3. c3 {[%emt 0:00:01]} g6 {[%emt 0:00:02]} 4. d4 {[%emt 0:00:02]} cxd4 {[%emt 0:00:02]} 5. Nxd4 {[%emt 0:00:02]} Bg7 {[%emt 0:00:02]} 6. Be3 {[%emt 0:00:11]} Nf6 {[%emt 0:00:06]} 7. Bd3 {[%emt 0:00:09]} O-O {[%emt 0:00:07]} 8. O-O {[%emt 0:00:06]} d5 {[%emt 0:00:02]} 9. Nxc6 {[%emt 0:00:15]} bxc6 {[%emt 0:00:06]} 10. exd5 {[%emt 0:00:03]} cxd5 {[%emt 0:00:18]} 11. Qd2 {[%emt 0:00:05]} Ng4 {[%emt 0:00:17]} 12. h3 {[%emt 0:00:19]} Nxe3 {[%emt 0:00:03]} 13. Qxe3 {[%emt 0:00:01]} a5 {[%emt 0:00:21]} 14. Re1 {[%emt 0:00:08]} e6 {[%emt 0:00:06]} 15. Qd2 {[%emt 0:01:54]} Ba6 {[%emt 0:00:13]} 16. Rd1 {[%emt 0:00:15]} Bxd3 {[%emt 0:00:05]} 17. Qxd3 {[%emt 0:00:02]} Rb8 {[%emt 0:00:17]} 18. b3 {[%emt 0:00:55]} Qc7 {[%emt 0:00:27]} 19. Nd2 {[%emt 0:00:10]} Qxc3 {[%emt 0:00:17]} 20. Qxc3 {[%emt 0:00:03]} Bxc3 {[%emt 0:00:02]} 21. Rac1 {[%emt 0:00:01]} Rfc8 {[%emt 0:00:18]} 22. Nf3 {[%emt 0:01:09]} Bg7 {[%emt 0:00:31]} 23. Rxc8+ {[%emt 0:00:42]} Rxc8 {[%emt 0:00:02]} 24. Rd2 {[%emt 0:00:01]} Rc1+ {[%emt 0:00:23]} 25. Kh2 {[%emt 0:00:06]} Bc3 {[%emt 0:00:15]} 26. Re2 {[%emt 0:01:18]} d4 {[%emt 0:00:18]} 27. Ne5 {[%emt 0:00:58]} Rd1 {[%emt 0:01:04]} 28. Nc4 {[%emt 0:00:30]} Re1 {[%emt 0:01:33]} 29. Rc2 {[%emt 0:00:30]} Bb4 {[%emt 0:00:25]} 30. a3 Bc3 {[%emt 0:00:19]} 31. Kg3 {[%emt 0:01:22]} Rb1 {[%emt 0:00:22]} 32. Nd2 {[%emt 0:00:27]} Bxd2 {[%emt 0:00:06]} 33. Rxd2 {[%emt 0:00:01]} Rxb3+ {[%emt 0:00:02]} 34. f3 {[%emt 0:00:02]} d3 {[%emt 0:00:13]} 35. a4 {[%emt 0:00:11]} Rc3 {[%emt 0:00:33]} 36. Kf4 {[%emt 0:00:08]} Kf8 {[%emt 0:00:06]} 37. Ke3 {[%emt 0:00:01]} Ke7 {[%emt 0:00:05]} 38. Rxd3 {[%emt 0:00:09]} Rxd3+ {[%emt 0:00:05]} 39. Kxd3 {[%emt 0:00:01]} Kd6 {[%emt 0:00:02]} 40. Kc4 {[%emt 0:00:01]} Kc6 {[%emt 0:00:05]} 41. f4 {[%emt 0:00:04]} f6 {[%emt 0:00:04]} 42. g4 {[%emt 0:00:04]} e5 {[%emt 0:00:02]} 43. fxe5 {[%emt 0:00:02]} fxe5 {[%emt 0:00:02]} 44. h4 {[%emt 0:00:02]} e4 {[%emt 0:00:02]} 45. Kd4 {[%emt 0:00:07]} e3 {[%emt 0:00:04]} 46. Kxe3 {[%emt 0:00:01]} Kc5 {[%emt 0:00:00]} 47. Kf4 {[%emt 0:00:02]} Kb4 {[%emt 0:00:01]} 48. Kg5 {[%emt 0:00:01]} Kxa4 {[%emt 0:00:04]} 49. Kh6 {[%emt 0:00:01]} Kb3 {[%emt 0:00:03]} 50. Kxh7 {[%emt 0:00:01]} a4 {[%emt 0:00:05]} 51. Kxg6 {[%emt 0:00:14]} a3 {[%emt 0:00:01]} 52. h5 {[%emt 0:00:02]} a2 {[%emt 0:00:01]} 53. h6 {[%emt 0:00:01]} a1=Q {[%emt 0:00:03]} 54. g5 {[%emt 0:00:37]} Kc4 {[%emt 0:01:10]} 55. h7 {[%emt 0:00:05]} Kd5 {[%emt 0:00:09]} 56. Kf7 {[%emt 0:00:10]} Qa7+ {[%emt 0:00:36]} 57. Kg8 {[%emt 0:00:00]} Qb8+ {[%emt 0:00:04]} 58. Kg7 {[%emt 0:00:00]} Qe5+ {[%emt 0:00:12]} 59. Kh6 {[%emt 0:00:24]} Qh8 {[%emt 0:00:38]} 60. g6 {[%emt 0:00:02]} Qf8+ {[%emt 0:00:04]} 61. Kg5 {[%emt 0:00:10]} Qg7 {[%emt 0:00:13]} 62. Kf5 {[%emt 0:00:13]} Qe5+ {[%emt 0:00:19]} 63. Kg4 {[%emt 0:00:02]} Qf6 {[%emt 0:00:06]} 64. Kh3 {[%emt 0:00:22]} Ke5 {[%emt 0:00:19]} 65. Kg3 {[%emt 0:00:13]} Qxg6+ {[%emt 0:00:04]} 66. Kf3 0-1

[Event "Skalica Rapid 2020"]
[Site "Skalica"]
[Date "2020.08.29"]
[Round "6.8"]
[White "Skreno Vladimir"]
[Black "Jablonicky, Martin"]
[Result "0-1"]
[WhiteElo "2089"]
[BlackElo "2290"]
[Annotator "ChessBase"]
[PlyCount "130"]
[EventDate "2020.08.29"]
[EventType "swiss"]
[EventCountry "SVK"]
[SourceTitle "playchess.com"]
[Source "ChessBase"]
[SourceQuality "1"]
[TimeControl "600+5"]

1. d4 {[%emt 0:00:00]} Nf6 {[%emt 0:00:00]} 2. Nf3 {[%emt 0:00:00]} g6 {[%emt 0:00:01]} 3. c4 {[%emt 0:00:04]} Bg7 {[%emt 0:00:00]} 4. Nc3 {[%emt 0:00:00]} O-O {[%emt 0:00:00]} 5. e4 {[%emt 0:00:00]} d6 {[%emt 0:00:00]} 6. Be2 {[%emt 0:00:03]} Bg4 {[%emt 0:00:01]} 7. O-O {[%emt 0:00:03]} Nfd7 {[%emt 0:00:05]} 8. Be3 {[%emt 0:00:16]} Nc6 {[%emt 0:00:00]} 9. d5 {[%emt 0:00:26]} Bxf3 {[%emt 0:00:00]} 10. Bxf3 {[%emt 0:00:04]} Na5 {[%emt 0:00:04]} 11. Be2 {[%emt 0:00:29]} Bxc3 {[%emt 0:00:00]} 12. bxc3 {[%emt 0:00:02]} e5 {[%emt 0:00:02]} 13. Bh6 {[%emt 0:01:17]} Re8 {[%emt 0:00:00]} 14. Qd2 {[%emt 0:00:19]} Nb6 {[%emt 0:00:32]} 15. c5 {[%emt 0:00:25]} dxc5 {[%emt 0:00:05]} 16. Rab1 {[%emt 0:00:46]} Nac4 {[%emt 0:00:03]} 17. Qc1 {[%emt 0:00:20]} Nd6 {[%emt 0:00:04]} 18. f3 {[%emt 0:00:29]} Nd7 {[%emt 0:00:18]} 19. Bg5 {[%emt 0:00:24]} f6 {[%emt 0:00:02]} 20. Be3 {[%emt 0:00:01]} a6 {[%emt 0:00:01]} 21. a4 {[%emt 0:00:06]} a5 {[%emt 0:00:02]} 22. Qa3 {[%emt 0:00:15]} b6 {[%emt 0:00:01]} 23. Qc1 {[%emt 0:00:39]} Nf8 {[%emt 0:00:03]} 24. g4 {[%emt 0:00:19]} Qd7 {[%emt 0:00:21]} 25. Qc2 {[%emt 0:00:05]} g5 {[%emt 0:00:08]} 26. h4 {[%emt 0:00:23]} gxh4 {[%emt 0:00:01]} 27. Kf2 {[%emt 0:00:17]} Ng6 {[%emt 0:00:08]} 28. Rh1 {[%emt 0:00:03]} Kf7 {[%emt 0:00:10]} 29. Rbg1 {[%emt 0:00:03]} Rh8 {[%emt 0:00:03]} 30. Bd3 {[%emt 0:00:48]} Rag8 {[%emt 0:00:07]} 31. Bh6 {[%emt 0:00:15]} Ke7 {[%emt 0:00:01]} 32. Ke1 {[%emt 0:00:18]} Nf7 {[%emt 0:00:07]} 33. Bb5 {[%emt 0:00:13]} Qd6 {[%emt 0:00:07]} 34. Be3 {[%emt 0:00:03]} Ng5 {[%emt 0:00:15]} 35. Qf2 {[%emt 0:00:18]} h5 {[%emt 0:00:14]} 36. Kd1 {[%emt 0:00:58]} c4 {[%emt 0:01:05]} 37. Kc2 {[%emt 0:01:00]} Qa3 {[%emt 0:00:10]} 38. Rb1 {[%emt 0:00:04]} hxg4 {[%emt 0:00:03]} 39. fxg4 {[%emt 0:00:07]} Nxe4 {[%emt 0:00:14]} 40. Qe1 {[%emt 0:00:17]} Nd6 {[%emt 0:00:27]} 41. Bc6 {[%emt 0:00:09]} Nf7 {[%emt 0:00:46]} 42. Bc1 {[%emt 0:00:12]} Qd6 {[%emt 0:01:06]} 43. Ra1 {[%emt 0:00:02]} Nf4 {[%emt 0:00:00]} 44. Ba3 {[%emt 0:00:17]} Rxg4 {[%emt 0:00:02]} 45. Bxd6+ {[%emt 0:00:02]} Nxd6 {[%emt 0:00:02]} 46. Rd1 {[%emt 0:00:14]} h3 {[%emt 0:01:44]} 47. Rd2 {[%emt 0:00:01]} Rhg8 {[%emt 0:00:01]} 48. Rf1 {[%emt 0:00:12]} Kd8 {[%emt 0:00:15]} 49. Qe3 {[%emt 0:00:18]} Nf5 {[%emt 0:00:34]} 50. Qe4 {[%emt 0:00:20]} Ng2 {[%emt 0:00:01]} 51. Kb2 {[%emt 0:00:08]} Rxe4 {[%emt 0:00:02]} 52. Rxf5 {[%emt 0:00:02]} Rh4 {[%emt 0:00:19]} 53. d6 {[%emt 0:00:05]} Nf4 {[%emt 0:00:51]} 54. Rxf6 {[%emt 0:00:12]} Nd3+ {[%emt 0:00:02]} 55. Kc2 {[%emt 0:00:04]} cxd6 {[%emt 0:00:03]} 56. Bd5 {[%emt 0:00:07]} Rg1 {[%emt 0:00:14]} 57. Rxd6+ {[%emt 0:00:03]} Ke7 {[%emt 0:00:02]} 58. Re6+ {[%emt 0:00:03]} Kd7 {[%emt 0:00:00]} 59. Bxc4 {[%emt 0:00:05]} Rxc4 {[%emt 0:00:02]} 60. Rh6 {[%emt 0:00:03]} e4 {[%emt 0:00:04]} 61. Rxh3 {[%emt 0:00:04]} Rc1+ {[%emt 0:00:01]} 62. Kb3 {[%emt 0:00:01]} R1xc3+ {[%emt 0:00:40]} 63. Ka2 {[%emt 0:00:01]} Rxa4+ {[%emt 0:00:02]} 64. Kb1 {[%emt 0:00:02]} Rb4+ {[%emt 0:00:00]} 65. Ka2 {[%emt 0:00:02]} Kc6 {[%emt 0:00:07]} 0-1

[Event "Skalica Rapid 2020"]
[Site "Skalica"]
[Date "2020.08.29"]
[Round "6.8"]
[White "Janas, Peter"]
[Black "Sperat Czar, Nicolas"]
[Result "0-1"]
[WhiteElo "1562"]
[BlackElo "1737"]
[Annotator "NA"]
[PlyCount "118"]
[EventDate "2020.08.29"]
[EventType "swiss"]
[EventCountry "SVK"]
[SourceTitle "playchess.com"]
[Source "ChessBase"]
[SourceQuality "1"]
[TimeControl "600+5"]

1. Nc3 {[%emt 0:00:00]} d5 {[%emt 0:00:00]} 2. e4 {[%emt 0:00:00]} d4 {[%emt 0:00:03]} 3. Nce2 {[%emt 0:00:03]} e5 {[%emt 0:00:13]} 4. Nf3 {[%emt 0:00:03]} Nc6 {[%emt 0:00:15]} 5. Ng3 {[%emt 0:00:04]} Nf6 {[%emt 0:00:09]} 6. Bb5 {[%emt 0:00:08]} Bd6 {[%emt 0:00:01]} 7. d3 {[%emt 0:00:13]} O-O {[%emt 0:00:18]} 8. O-O {[%emt 0:00:13]} Ne7 {[%emt 0:00:26]} 9. c3 {[%emt 0:00:10]} c5 {[%emt 0:00:24]} 10. cxd4 {[%emt 0:00:20]} cxd4 {[%emt 0:00:03]} 11. Ba4 {[%emt 0:00:18]} Ng6 {[%emt 0:00:36]} 12. a3 {[%emt 0:01:17]} a6 {[%emt 0:00:13]} 13. b4 {[%emt 0:00:30]} b5 {[%emt 0:00:02]} 14. Bb3 {[%emt 0:00:03]} Be6 {[%emt 0:00:03]} 15. Ng5 {[%emt 0:00:27]} Bxb3 {[%emt 0:00:06]} 16. Qxb3 {[%emt 0:00:04]} h6 {[%emt 0:00:21]} 17. Nf3 {[%emt 0:00:20]} Ne7 {[%emt 0:00:50]} 18. Bd2 {[%emt 0:00:24]} Qd7 {[%emt 0:00:14]} 19. Rac1 {[%emt 0:00:13]} Rac8 {[%emt 0:00:12]} 20. h3 {[%emt 0:00:15]} Rxc1 {[%emt 0:00:14]} 21. Rxc1 {[%emt 0:00:04]} Rc8 {[%emt 0:00:01]} 22. Rxc8+ {[%emt 0:00:24]} Qxc8 {[%emt 0:00:03]} 23. Nh2 {[%emt 0:00:31]} Kh7 {[%emt 0:00:22]} 24. Ng4 {[%emt 0:00:40]} Nxg4 {[%emt 0:00:13]} 25. hxg4 {[%emt 0:00:01]} Qxg4 {[%emt 0:00:10]} 26. Qxf7 {[%emt 0:00:25]} Qd1+ {[%emt 0:00:11]} 27. Nf1 {[%emt 0:00:02]} Qg4 {[%emt 0:00:37]} 28. f3 {[%emt 0:00:25]} Qg6 {[%emt 0:00:09]} 29. Qxg6+ {[%emt 0:00:53]} Kxg6 {[%emt 0:00:03]} 30. g4 {[%emt 0:00:10]} h5 {[%emt 0:00:26]} 31. gxh5+ {[%emt 0:00:07]} Kxh5 {[%emt 0:00:03]} 32. Kf2 {[%emt 0:00:04]} g5 {[%emt 0:00:09]} 33. Kg3 {[%emt 0:00:18]} Bc7 {[%emt 0:00:39]} 34. Nh2 {[%emt 0:00:05]} Nc6 {[%emt 0:00:43]} 35. Ng4 {[%emt 0:00:08]} Kg6 {[%emt 0:00:06]} 36. Nf2 {[%emt 0:00:08]} a5 {[%emt 0:00:23]} 37. Nh3 {[%emt 0:00:08]} axb4 {[%emt 0:00:21]} 38. axb4 {[%emt 0:00:12]} Bd8 {[%emt 0:00:03]} 39. Kg4 {[%emt 0:00:12]} Be7 {[%emt 0:00:14]} 40. Nxg5 {[%emt 0:00:43]} Bxg5 {[%emt 0:00:13]} 41. Bxg5 {[%emt 0:00:07]} Nxb4 {[%emt 0:00:03]} 42. f4 {[%emt 0:00:02]} exf4 {[%emt 0:00:08]} 43. e5 {[%emt 0:00:16]} Nxd3 {[%emt 0:00:07]} 44. e6 {[%emt 0:00:05]} b4 {[%emt 0:00:13]} 45. Be7 {[%emt 0:00:36]} Kg7 {[%emt 0:00:57]} 46. Kf3 {[%emt 0:00:37]} b3 {[%emt 0:00:30]} 47. Ba3 {[%emt 0:00:28]} b2 {[%emt 0:00:43]} 48. Bxb2 {[%emt 0:00:05]} Nxb2 {[%emt 0:00:05]} 49. Kxf4 {[%emt 0:00:04]} Kf6 {[%emt 0:00:16]} 50. e7 {[%emt 0:00:29]} Kxe7 {[%emt 0:00:02]} 51. Ke4 {[%emt 0:00:02]} d3 {[%emt 0:00:05]} 52. Ke3 {[%emt 0:00:03]} Kd6 {[%emt 0:00:08]} 53. Kd2 {[%emt 0:00:04]} Kd5 {[%emt 0:00:04]} 54. Kc3 {[%emt 0:00:01]} Ke4 {[%emt 0:00:05]} 55. Kd2 {[%emt 0:00:16]} Nc4+ {[%emt 0:00:04]} 56. Kd1 {[%emt 0:00:05]} Ke3 {[%emt 0:00:04]} 57. Ke1 {[%emt 0:00:05]} d2+ {[%emt 0:00:01]} 58. Kd1 {[%emt 0:00:00]} Nb2+ {[%emt 0:00:01]} 59. Kc2 {[%emt 0:00:02]} Ke2 {[%emt 0:00:02]} 0-1

[Event "Skalica Rapid 2020"]
[Site "Skalica"]
[Date "2020.08.29"]
[Round "6.9"]
[White "Jancovic, Peter"]
[Black "Kubat, Pavel"]
[Result "0-1"]
[WhiteElo "2271"]
[BlackElo "2066"]
[Annotator "ChessBase"]
[PlyCount "56"]
[EventDate "2020.08.29"]
[EventType "swiss"]
[EventCountry "SVK"]
[SourceTitle "playchess.com"]
[Source "ChessBase"]
[SourceQuality "1"]
[TimeControl "600+5"]

1. d4 {[%emt 0:00:00]} Nf6 {[%emt 0:00:00]} 2. Nf3 {[%emt 0:00:00]} g6 {[%emt 0:00:18]} 3. g3 {[%emt 0:00:03]} Bg7 {[%emt 0:00:02]} 4. Bg2 {[%emt 0:00:01]} O-O {[%emt 0:00:04]} 5. O-O {[%emt 0:00:02]} d5 {[%emt 0:00:13]} 6. c4 {[%emt 0:00:09]} c6 {[%emt 0:00:05]} 7. Nbd2 {[%emt 0:00:14]} Bg4 {[%emt 0:00:43]} 8. Ne5 {[%emt 0:00:07]} Be6 {[%emt 0:00:05]} 9. e3 {[%emt 0:00:45]} Nbd7 {[%emt 0:00:06]} 10. Nxd7 {[%emt 0:00:04]} Qxd7 {[%emt 0:00:03]} 11. c5 {[%emt 0:00:09]} Bh3 {[%emt 0:00:03]} 12. Re1 {[%emt 0:00:26]} Bxg2 {[%emt 0:00:02]} 13. Kxg2 {[%emt 0:00:01]} h5 {[%emt 0:00:32]} 14. f4 {[%emt 0:00:39]} h4 {[%emt 0:00:42]} 15. Qf3 {[%emt 0:00:12]} b6 {[%emt 0:00:48]} 16. b4 {[%emt 0:00:12]} a5 {[%emt 0:00:22]} 17. Ba3 {[%emt 0:00:01]} axb4 {[%emt 0:00:15]} 18. Bxb4 {[%emt 0:00:02]} bxc5 {[%emt 0:00:03]} 19. Bxc5 {[%emt 0:00:02]} h3+ {[%emt 0:00:06]} 20. Kg1 {[%emt 0:00:08]} Rfb8 {[%emt 0:00:01]} 21. a3 {[%emt 0:03:05]} Rb2 {[%emt 0:00:36]} 22. Rad1 {[%emt 0:00:35]} Rab8 {[%emt 0:01:02]} 23. Bb4 {[%emt 0:00:07]} Qf5 {[%emt 0:01:22]} 24. Bxe7 {[%emt 0:00:53]} Ne4 {[%emt 0:00:01]} 25. Re2 {[%emt 0:02:12]} Nc3 {[%emt 0:00:23]} 26. Rde1 {[%emt 0:00:01]} Nxe2+ {[%emt 0:00:04]} 27. Rxe2 {[%emt 0:00:01]} Qd3 {[%emt 0:00:24]} 28. Qf2 {[%emt 0:00:44]} Rxd2 {[%emt 0:00:35]} 0-1

[Event "Skalica Rapid 2020"]
[Site "Skalica"]
[Date "2020.08.29"]
[Round "6.9"]
[White "Dubanova, Kristina"]
[Black "Szucs, Vladimir"]
[Result "1-0"]
[WhiteElo "1128"]
[BlackElo "2088"]
[Annotator "ChessBase"]
[PlyCount "46"]
[EventDate "2020.08.29"]
[EventType "swiss"]
[EventCountry "SVK"]
[SourceTitle "playchess.com"]
[Source "ChessBase"]
[SourceQuality "1"]
[TimeControl "600+5"]

1. d4 {[%emt 0:00:00]} d5 {[%emt 0:00:00]} 2. c4 {[%emt 0:00:02]} dxc4 {[%emt 0:00:07]} 3. e4 {[%emt 0:00:03]} Nf6 {[%emt 0:00:27]} 4. Nc3 {[%emt 0:00:02]} Nc6 {[%emt 0:00:21]} 5. d5 {[%emt 0:00:23]} Ne5 {[%emt 0:00:41]} 6. f4 {[%emt 0:00:13]} Bg4 {[%emt 0:00:53]} 7. Nf3 {[%emt 0:00:25]} Nxf3+ {[%emt 0:00:59]} 8. gxf3 {[%emt 0:00:03]} Bh5 {[%emt 0:00:25]} 9. Bxc4 {[%emt 0:00:04]} c6 {[%emt 0:00:45]} 10. Be3 {[%emt 0:00:12]} e6 {[%emt 0:00:23]} 11. dxc6 {[%emt 0:01:05]} Qd6 12. Qd3 Qxd3 {[%emt 0:01:15]} 13. Rb1 Qd1+ 14. Rxd1 {[%emt 0:00:12]} Bxf3 {[%emt 0:00:28]} 15. cxb7 {[%emt 0:00:07]} Rb8 {[%emt 0:00:11]} 16. Bb5+ {[%emt 0:00:06]} Nd7 {[%emt 0:01:59]} 17. Bxd7+ {[%emt 0:00:19]} Kd8 {[%emt 0:00:50]} 18. O-O {[%emt 0:01:06]} Bxd1 {[%emt 0:00:31]} 19. Rxd1 {[%emt 0:00:03]} Kc7 {[%emt 0:00:43]} 20. Bc8 {[%emt 0:00:04]} Bd6 {[%emt 0:00:17]} 21. Nb5+ {[%emt 0:00:11]} Kc6 {[%emt 0:00:19]} 22. Nxd6 {[%emt 0:00:08]} Rd8 {[%emt 0:00:08]} 23. Bxa7 {[%emt 0:00:15]} Rxb7 {[%emt 0:00:13]} 1-0

[Event "Skalica Rapid 2020"]
[Site "Skalica"]
[Date "2020.08.29"]
[Round "6.10"]
[White "Havelka, Ondrej"]
[Black "Matejovic Juraj"]
[Result "0-1"]
[WhiteElo "1997"]
[BlackElo "2219"]
[Annotator "ChessBase"]
[PlyCount "68"]
[EventDate "2020.08.29"]
[EventType "swiss"]
[EventCountry "SVK"]
[SourceTitle "playchess.com"]
[Source "ChessBase"]
[SourceQuality "1"]
[TimeControl "600+5"]

1. d4 {[%emt 0:00:00]} Nf6 {[%emt 0:00:38]} 2. c4 {[%emt 0:00:00]} g6 {[%emt 0:00:05]} 3. Nc3 {[%emt 0:00:00]} Bg7 {[%emt 0:00:01]} 4. e4 {[%emt 0:00:00]} d6 {[%emt 0:00:01]} 5. h3 {[%emt 0:00:04]} O-O {[%emt 0:00:03]} 6. Be3 {[%emt 0:00:01]} c5 {[%emt 0:02:11]} 7. Nf3 {[%emt 0:00:25]} Qa5 {[%emt 0:00:15]} 8. Bd3 {[%emt 0:00:17]} cxd4 {[%emt 0:00:17]} 9. Nxd4 {[%emt 0:00:02]} Nc6 {[%emt 0:00:03]} 10. O-O {[%emt 0:00:19]} Bd7 {[%emt 0:00:10]} 11. Rc1 {[%emt 0:00:29]} Rac8 {[%emt 0:00:18]} 12. b3 {[%emt 0:01:26]} a6 {[%emt 0:00:49]} 13. a4 {[%emt 0:01:05]} Nxd4 {[%emt 0:00:51]} 14. Bxd4 {[%emt 0:00:04]} Be6 {[%emt 0:00:01]} 15. f4 {[%emt 0:00:55]} Ne8 {[%emt 0:01:36]} 16. Bxg7 {[%emt 0:00:07]} Nxg7 {[%emt 0:00:14]} 17. f5 {[%emt 0:00:50]} Qc5+ {[%emt 0:00:34]} 18. Kh1 {[%emt 0:00:14]} gxf5 {[%emt 0:00:57]} 19. exf5 {[%emt 0:00:05]} Bxf5 {[%emt 0:00:37]} 20. Nd5 {[%emt 0:00:08]} Bxd3 {[%emt 0:00:35]} 21. Qxd3 {[%emt 0:00:28]} Rce8 {[%emt 0:00:38]} 22. Rce1 {[%emt 0:00:01]} Ne6 {[%emt 0:00:14]} 23. Rf5 {[%emt 0:00:35]} Qd4 {[%emt 0:00:12]} 24. Qf3 {[%emt 0:01:06]} Qg7 {[%emt 0:00:09]} 25. Qf2 {[%emt 0:01:25]} Kh8 {[%emt 0:00:11]} 26. Re4 {[%emt 0:00:24]} Qg6 {[%emt 0:00:24]} 27. Rg4 {[%emt 0:00:22]} Qh6 {[%emt 0:00:04]} 28. Rh4 {[%emt 0:00:45]} Qg6 {[%emt 0:00:04]} 29. Rfh5 {[%emt 0:00:26]} Ng5 {[%emt 0:00:07]} 30. Qe3 {[%emt 0:00:13]} f6 {[%emt 0:00:05]} 31. Nxe7 {[%emt 0:00:11]} Qf7 {[%emt 0:00:04]} 32. Qd3 {[%emt 0:00:07]} Rxe7 {[%emt 0:00:02]} 33. Kh2 {[%emt 0:00:02]} Kg8 {[%emt 0:00:03]} 34. Rh6 {[%emt 0:00:03]} Qg7 {[%emt 0:00:06]} 0-1

[Event "Skalica Rapid 2020"]
[Site "Skalica"]
[Date "2020.08.29"]
[Round "6.11"]
[White "Abel, Peter"]
[Black "Sarmir Milos"]
[Result "1-0"]
[WhiteElo "2200"]
[BlackElo "2059"]
[Annotator "ChessBase"]
[PlyCount "69"]
[EventDate "2020.08.29"]
[EventType "swiss"]
[EventCountry "SVK"]
[SourceTitle "playchess.com"]
[Source "ChessBase"]
[SourceQuality "1"]
[TimeControl "600+5"]

1. c4 {[%emt 0:00:00]} Nf6 {[%emt 0:00:00]} 2. Nc3 {[%emt 0:00:00]} e5 {[%emt 0:00:03]} 3. Nf3 {[%emt 0:00:01]} d6 {[%emt 0:00:01]} 4. g3 {[%emt 0:00:02]} Be7 {[%emt 0:00:01]} 5. Bg2 {[%emt 0:00:01]} O-O {[%emt 0:00:05]} 6. O-O {[%emt 0:00:06]} c6 {[%emt 0:00:02]} 7. d4 {[%emt 0:00:01]} Qc7 {[%emt 0:00:10]} 8. e4 {[%emt 0:00:06]} Be6 {[%emt 0:00:07]} 9. b3 {[%emt 0:00:12]} Nbd7 {[%emt 0:00:13]} 10. Ng5 {[%emt 0:00:16]} Bg4 {[%emt 0:00:20]} 11. f3 {[%emt 0:00:12]} Bh5 {[%emt 0:00:06]} 12. Be3 {[%emt 0:00:09]} h6 {[%emt 0:00:07]} 13. Nh3 {[%emt 0:00:03]} Qa5 {[%emt 0:00:11]} 14. Qd2 {[%emt 0:00:12]} Rad8 {[%emt 0:00:19]} 15. Nd5 {[%emt 0:00:15]} Nxd5 {[%emt 0:00:37]} 16. Qxa5 {[%emt 0:00:12]} Nxe3 {[%emt 0:00:02]} 17. Rf2 {[%emt 0:00:31]} b6 {[%emt 0:00:08]} 18. Qxa7 {[%emt 0:00:47]} exd4 {[%emt 0:00:04]} 19. Nf4 {[%emt 0:00:05]} Bg6 {[%emt 0:00:14]} 20. Nxg6 {[%emt 0:00:08]} fxg6 {[%emt 0:00:01]} 21. Bh3 {[%emt 0:00:56]} Bf6 {[%emt 0:00:44]} 22. Bxd7 {[%emt 0:00:35]} d3 {[%emt 0:00:03]} 23. Be6+ {[%emt 0:00:34]} Kh8 {[%emt 0:00:02]} 24. Re1 {[%emt 0:00:37]} Bd4 {[%emt 0:00:07]} 25. Kh1 {[%emt 0:00:26]} Nc2 {[%emt 0:00:17]} 26. Rxc2 {[%emt 0:00:40]} dxc2 {[%emt 0:00:01]} 27. Rc1 {[%emt 0:00:05]} Rxf3 {[%emt 0:00:20]} 28. Rxc2 {[%emt 0:00:00]} Rdf8 {[%emt 0:00:22]} 29. Kg2 {[%emt 0:00:14]} Rf1 {[%emt 0:00:31]} 30. Qe7 {[%emt 0:00:17]} Bc5 {[%emt 0:00:18]} 31. Qd7 {[%emt 0:00:56]} g5 {[%emt 0:00:28]} 32. Bf5 {[%emt 0:00:14]} Rg1+ {[%emt 0:00:20]} 33. Kh3 {[%emt 0:00:17]} h5 {[%emt 0:00:26]} 34. Qe7 {[%emt 0:00:47]} Be3 {[%emt 0:00:50]} 35. Qxf8# {[%emt 0:00:05]} 1-0

[Event "Skalica Rapid 2020"]
[Site "Skalica"]
[Date "2020.08.29"]
[Round "6.12"]
[White "Valenta Vit"]
[Black "Takacs Laszlo"]
[Result "1-0"]
[WhiteElo "1994"]
[BlackElo "2128"]
[Annotator "ChessBase"]
[PlyCount "101"]
[EventDate "2020.08.29"]
[EventType "swiss"]
[EventCountry "SVK"]
[SourceTitle "playchess.com"]
[Source "ChessBase"]
[SourceQuality "1"]
[TimeControl "600+5"]

1. e4 {[%emt 0:00:00]} c5 {[%emt 0:00:00]} 2. Nc3 {[%emt 0:00:01]} a6 {[%emt 0:00:00]} 3. a4 {[%emt 0:00:02]} e6 {[%emt 0:00:05]} 4. Nge2 {[%emt 0:00:03]} d5 {[%emt 0:00:03]} 5. exd5 {[%emt 0:00:02]} exd5 {[%emt 0:00:01]} 6. d4 {[%emt 0:00:05]} Nf6 {[%emt 0:00:23]} 7. Bg5 {[%emt 0:00:14]} cxd4 {[%emt 0:00:51]} 8. Nxd4 {[%emt 0:00:16]} Be7 {[%emt 0:00:02]} 9. Be2 {[%emt 0:00:06]} O-O {[%emt 0:00:04]} 10. O-O {[%emt 0:00:03]} Nc6 {[%emt 0:00:06]} 11. Bf3 {[%emt 0:00:13]} Qb6 {[%emt 0:00:24]} 12. Nb3 {[%emt 0:00:18]} d4 {[%emt 0:00:49]} 13. Bxf6 {[%emt 0:00:12]} Bxf6 {[%emt 0:00:02]} 14. Nd5 {[%emt 0:00:06]} Qd8 {[%emt 0:00:03]} 15. Nxf6+ {[%emt 0:00:03]} Qxf6 {[%emt 0:00:03]} 16. Bxc6 {[%emt 0:00:01]} Qxc6 {[%emt 0:00:07]} 17. Nxd4 {[%emt 0:00:13]} Qb6 {[%emt 0:00:02]} 18. b3 {[%emt 0:00:29]} Rd8 {[%emt 0:00:12]} 19. c3 {[%emt 0:00:02]} Bf5 {[%emt 0:00:32]} 20. Qf3 {[%emt 0:00:32]} Bg6 {[%emt 0:00:01]} 21. a5 {[%emt 0:00:49]} Qc7 {[%emt 0:00:14]} 22. Qg3 {[%emt 0:00:52]} Qc5 {[%emt 0:00:19]} 23. b4 {[%emt 0:00:12]} Qc4 {[%emt 0:00:08]} 24. Rac1 {[%emt 0:00:31]} Rac8 {[%emt 0:00:04]} 25. Qe3 {[%emt 0:00:09]} Re8 {[%emt 0:00:16]} 26. Qd2 {[%emt 0:00:04]} h6 {[%emt 0:00:35]} 27. Rfe1 {[%emt 0:00:09]} Rxe1+ {[%emt 0:00:03]} 28. Qxe1 {[%emt 0:00:01]} Qd3 {[%emt 0:00:02]} 29. h3 {[%emt 0:00:18]} Kf8 {[%emt 0:01:21]} 30. Qe3 {[%emt 0:00:30]} Qxe3 {[%emt 0:00:01]} 31. fxe3 {[%emt 0:00:02]} Ke7 {[%emt 0:00:02]} 32. Nb3 {[%emt 0:00:17]} Rc7 {[%emt 0:00:35]} 33. Nc5 {[%emt 0:00:10]} Kd6 {[%emt 0:00:02]} 34. Rd1+ {[%emt 0:00:21]} Kc6 {[%emt 0:00:09]} 35. Rd4 {[%emt 0:00:16]} Kb5 {[%emt 0:00:08]} 36. Kf2 {[%emt 0:00:03]} b6 {[%emt 0:00:09]} 37. axb6 {[%emt 0:00:04]} Kxb6 {[%emt 0:00:01]} 38. Rd6+ {[%emt 0:00:06]} Kb5 {[%emt 0:00:04]} 39. Rd4 {[%emt 0:00:51]} a5 {[%emt 0:00:10]} 40. Ke2 {[%emt 0:00:02]} Ra7 {[%emt 0:00:51]} 41. Nb3 {[%emt 0:00:32]} a4 {[%emt 0:00:18]} 42. Na1 {[%emt 0:00:20]} a3 {[%emt 0:00:32]} 43. Kd2 {[%emt 0:00:02]} a2 {[%emt 0:00:35]} 44. Kc1 {[%emt 0:00:01]} Re7 {[%emt 0:00:10]} 45. Rd5+ {[%emt 0:00:38]} Kc4 {[%emt 0:00:28]} 46. Rc5+ {[%emt 0:00:03]} Kd3 {[%emt 0:00:01]} 47. Kb2 {[%emt 0:00:13]} Rxe3 {[%emt 0:00:48]} 48. Kxa2 {[%emt 0:00:08]} f5 {[%emt 0:01:12]} 49. Ka3 {[%emt 0:00:23]} Re2 {[%emt 0:00:42]} 50. b5 {[%emt 0:00:12]} Bf7 {[%emt 0:00:09]} 51. Nb3 {[%emt 0:00:01]} 1-0